[Event "ROM-ch U14 Girls"]
[Site "Eforie Nord"]
[Date "2022.04.16"]
[Round "7"]
[White "Maria, Lia Alexandra"]
[Black "Marcu, Daria Ana"]
[Result "1-0"]
[WhiteElo "1753"]
[BlackElo "1567"]
[PlyCount "77"]
[EventDate "2022.04.11"]
[EventType "swiss"]
[EventRounds "9"]
[EventCountry "ROU"]
[SourceTitle "EXT 2023"]
[Source "ChessBase"]
[SourceDate "2022.10.05"]
[SourceVersion "1"]
[SourceVersionDate "2022.10.05"]
[SourceQuality "1"]

1. Nf3 Nf6 2. c4 c6 3. e3 d5 4. d4 Bg4 5. Qb3 Qc7 6. Ne5 e6 7. Nc3 Bd6 8. Nxg4 Nxg4 9. cxd5 exd5 10. h3 Nf6 11. Bd3 0-0 12. 0-0 Nbd7 13. Bd2 Rfe8 14. Rac1 a6 15. Qc2 Rac8 16. Qb1 Qd8 17. Rfe1 c5 18. a3 c4 19. Bc2 Qb6 20. Bf5 Rc7 21. Rcd1 Nf8 22. Bc2 Ne6 23. e4 dxe4 24. Nxe4 Nxe4 25. Bxe4 h6 26. d5 Nc5 27. Bh7+ Kf8 28. Be3 Qb5 29. Bd4 Rxe1+ 30. Rxe1 Nd3 31. Bxd3 cxd3 32. Qd1 Qc4 33. Qg4 f6 34. Qe6 Be7 35. Bc3 Qf4 36. Bb4 d2 37. Bxe7+ Rxe7 38. Qxe7+ Kg8 39. Rd1 1-0

[Event "ROM-ch U14 Girls"]
[Site "Eforie Nord"]
[Date "2022.04.15"]
[Round "6"]
[White "Andries, Alexia"]
[Black "Marcu, Daria Ana"]
[Result "0-1"]
[WhiteElo "1480"]
[BlackElo "1567"]
[PlyCount "74"]
[EventDate "2022.04.11"]
[EventType "swiss"]
[EventRounds "9"]
[EventCountry "ROU"]
[SourceTitle "EXT 2023"]
[Source "ChessBase"]
[SourceDate "2022.10.05"]
[SourceVersion "1"]
[SourceVersionDate "2022.10.05"]
[SourceQuality "1"]

1. d4 Nf6 2. c4 c5 3. e3 cxd4 4. exd4 d5 5. Nc3 e6 6. Nf3 Bb4 7. cxd5 Nxd5 8. Bd2 Bxc3 9. bxc3 0-0 10. Bd3 Qc7 11. 0-0 Nd7 12. Bxh7+ Kxh7 13. Ng5+ Kg8 14. Qh5 N7f6 15. Qf3 Qc6 16. Qg3 Ne7 17. Bf4 Ne4 18. Nxe4 Qxe4 19. Rfe1 Qg6 20. Qf3 Bd7 21. Qh3 Nf5 22. Rad1 Bc6 23. Rd3 Bd5 24. a3 Rac8 25. g4 Rc6 26. Kf1 Nh4 27. Rg3 Bg2+ 28. Rxg2 Nxg2 29. Kxg2 Rfc8 30. Re3 Qc2 31. Qh4 Rxc3 32. Re5 Qd3 33. Be3 f6 34. Rxe6 Kf7 35. Rd6 Qe4+ 36. Kh3 Qf3+ 37. Qg3 Rh8+ 0-1

[Event "ROM-ch (Women)"]
[Site "Iasi"]
[Date "2021.04.23"]
[Round "7"]
[White "Marcu, Daria Ana"]
[Black "Maria, Lia Alexandra"]
[Result "0-1"]
[WhiteElo "1533"]
[BlackElo "1713"]
[PlyCount "70"]
[EventDate "2021.04.19"]
[EventType "swiss"]
[EventRounds "9"]
[EventCountry "ROU"]
[SourceTitle "CBM 202 Extra"]
[Source "ChessBase"]
[SourceDate "2021.07.31"]
[SourceVersion "1"]
[SourceVersionDate "2021.07.31"]
[SourceQuality "1"]

1. e4 e6 2. d4 d5 3. Nc3 Bb4 4. Bd2 dxe4 5. Nxe4 Qxd4 6. Nc3 Nf6 7. Nf3 Qd8 8. Bd3 0-0 9. 0-0 Nbd7 10. a3 Be7 11. Bf4 a6 12. Qe2 b5 13. Rad1 Bb7 14. Ng5 h6 15. Nge4 e5 16. Nxf6+ Bxf6 17. Bxh6 gxh6 18. Bf5 Bc6 19. Qg4+ Kh8 20. Qh3 Bg7 21. Bxd7 Qf6 22. Bxc6 Qxc6 23. Qd7 Qg6 24. Nd5 Qxc2 25. Qxc7 Qxb2 26. Qa5 Qc2 27. Nb4 Qg6 28. Rc1 Rfd8 29. h3 e4 30. Rc6 Rd6 31. Rfc1 Be5 32. R6c5 Bf4 33. Re1 e3 34. fxe3 Rd2 35. g4 Qe4 0-1

[Event "ROM-ch U14 Girls"]
[Site "Mamaia"]
[Date "2021.04.09"]
[Round "3"]
[White "Marcu, Daria Ana"]
[Black "Salajan, Stefania"]
[Result "0-1"]
[WhiteElo "1533"]
[BlackElo "1612"]
[PlyCount "126"]
[EventDate "2021.04.07"]
[EventType "swiss"]
[EventRounds "9"]
[EventCountry "ROU"]
[SourceTitle "EXT 2022"]
[Source "ChessBase"]
[SourceDate "2021.10.06"]
[SourceVersion "1"]
[SourceVersionDate "2021.10.06"]
[SourceQuality "1"]

1. e4 d5 2. exd5 Qxd5 3. d4 Nc6 4. Nf3 Bg4 5. Be2 0-0-0 6. c4 Qf5 7. Be3 Bxf3 8. Bxf3 Nxd4 9. Bxd4 Qe6+ 10. Qe2 Qxe2+ 11. Bxe2 Rxd4 12. 0-0 e6 13. Nc3 c6 14. a3 Nf6 15. b4 Be7 16. b5 Ne4 17. Nxe4 Rxe4 18. Rfe1 Rd8 19. bxc6 bxc6 20. Kf1 Rd2 21. f3 Re3 22. a4 Bb4 23. Rab1 Ba5 24. c5 Kc7 25. Ba6 Rxe1+ 26. Rxe1 Rb2 27. Re5 Rb4 28. Bd3 g6 29. Bc2 Rc4 30. Bb3 Rc1+ 31. Kf2 Bb4 32. Re4 Bxc5+ 33. Kg3 Rc3 34. Bd1 Rd3 35. Bc2 Rd4 36. Re2 Bb4 37. h4 Rd2 38. Rxd2 Bxd2 39. h5 Kd6 40. f4 e5 41. fxe5+ Kxe5 42. Bb3 Kf6 43. hxg6 fxg6 44. Kf3 Ke5 45. Bc2 Kd4 46. Ke2 Be3 47. g3 c5 48. a5 c4 49. a6 c3 50. g4 Bd2 51. Bd3 Ke5 52. Kf3 Kf6 53. Kg3 Kg5 54. Kh3 Bf4 55. Bc2 h5 56. gxh5 gxh5 57. Kg2 h4 58. Kf3 h3 59. Be4 h2 60. Kg2 Kf6 61. Kh1 Ke5 62. Bg6 Kd4 63. Bc2 Ke3 0-1

[Event "ROM-ch U14 Girls"]
[Site "Mamaia"]
[Date "2021.04.08"]
[Round "2"]
[White "Fileru, Maria"]
[Black "Marcu, Daria Ana"]
[Result "0-1"]
[WhiteElo "1668"]
[BlackElo "1533"]
[PlyCount "108"]
[EventDate "2021.04.07"]
[EventType "swiss"]
[EventRounds "9"]
[EventCountry "ROU"]
[SourceTitle "EXT 2022"]
[Source "ChessBase"]
[SourceDate "2021.10.06"]
[SourceVersion "1"]
[SourceVersionDate "2021.10.06"]
[SourceQuality "1"]

1. d4 Nf6 2. c4 e6 3. Nc3 Bb4 4. f3 c5 5. a3 Bxc3+ 6. bxc3 d6 7. e4 0-0 8. Be3 Nc6 9. d5 exd5 10. cxd5 Ne5 11. Bd3 c4 12. Bc2 Nfd7 13. Ne2 Nc5 14. Bxc5 dxc5 15. 0-0 f5 16. Qd2 Qd6 17. f4 Nd3 18. Bxd3 cxd3 19. Qxd3 fxe4 20. Qxe4 Bf5 21. Qc4 Rad8 22. Rad1 Bg4 23. h3 Bh5 24. Rd2 a6 25. a4 Be8 26. Rb1 b5 27. axb5 Bxb5 28. Qa2 Bxe2 29. Rxe2 Qxd5 30. Qxa6 Qd3 31. Qxd3 Rxd3 32. Rc1 Rxf4 33. c4 Rdd4 34. Rec2 Kf7 35. Rf2 Ke6 36. Rxf4 Rxf4 37. Kh2 g5 38. Rc3 Ke5 39. Rg3 h6 40. Rc3 Kd4 41. Rc1 Kd3 42. Kg3 Rxc4 43. Ra1 h5 44. Ra2 Rc3 45. Kf2 Rc2+ 46. Rxc2 Kxc2 47. Kf3 Kd2 48. Ke4 c4 49. Kf5 c3 50. Kxg5 c2 51. Kxh5 c1Q 52. g4 Qc5+ 53. Kg6 Ke3 54. h4 Kf4 0-1

[Event "ROM-ch U10 Girls"]
[Site "Calimanesti"]
[Date "2018.04.03"]
[Round "9"]
[White "Stefan, Iulia Cristiana"]
[Black "Marcu, Daria Ana"]
[Result "1/2-1/2"]
[WhiteElo "1271"]
[BlackElo "1113"]
[PlyCount "97"]
[EventDate "2018.03.27"]
[EventType "swiss"]
[EventRounds "9"]
[EventCountry "ROU"]
[SourceTitle "CBM 183 Extra"]
[Source "ChessBase"]
[SourceDate "2018.04.19"]
[SourceVersion "1"]
[SourceVersionDate "2018.04.19"]
[SourceQuality "1"]

1. e4 c6 2. d4 d5 3. exd5 cxd5 4. Bd3 Nc6 5. c3 Nf6 6. Bf4 Bg4 7. Qb3 Qc8 8. Nd2 e6 9. Ngf3 Be7 10. 0-0 0-0 11. h3 Bh5 12. Rfe1 a6 13. Bg3 b5 14. a3 Na5 15. Qc2 Nc4 16. Ne5 Nxd2 17. Qxd2 Bd6 18. Qe3 Nd7 19. Nxd7 Qxd7 20. Bxd6 Qxd6 21. Qe5 Qxe5 22. Rxe5 Bg6 23. Rd1 Bxd3 24. Rxd3 Rfc8 25. f4 a5 26. Re1 b4 27. a4 b3 28. Kf2 Kf8 29. Ke3 Ke7 30. Rd2 Rc4 31. Ra1 Rc6 32. Rdd1 Rg8 33. Rg1 f5 34. g3 g5 35. Kf2 h5 36. h4 g4 37. Ke3 Rgc8 38. Kd3 R8c7 39. Rg2 Kf7 40. Rf2 Kg6 41. Re2 Kg7 42. Rf2 Kf8 43. Rd2 Ke8 44. Re2 Kd8 45. Rf2 Kc8 46. Re2 Re7 47. Re3 Rc4 48. Re2 Rc6 49. Re3 1/2-1/2

[Event "ROM-ch U10 Girls"]
[Site "Calimanesti"]
[Date "2018.04.01"]
[Round "7"]
[White "Teclis, Anca Maria"]
[Black "Marcu, Daria Ana"]
[Result "1/2-1/2"]
[WhiteElo "1043"]
[BlackElo "1113"]
[PlyCount "102"]
[EventDate "2018.03.27"]
[EventType "swiss"]
[EventRounds "9"]
[EventCountry "ROU"]
[SourceTitle "CBM 183 Extra"]
[Source "ChessBase"]
[SourceDate "2018.04.19"]
[SourceVersion "1"]
[SourceVersionDate "2018.04.19"]
[SourceQuality "1"]

1. d4 d5 2. c4 dxc4 3. e3 Nf6 4. Bxc4 e6 5. Nc3 a6 6. Nf3 b5 7. Be2 Bb7 8. Bd2 Nbd7 9. 0-0 c5 10. a3 Ne4 11. Rc1 Bd6 12. Bd3 Ndf6 13. h3 Bc7 14. Nxe4 Nxe4 15. Bxe4 Bxe4 16. Rxc5 Bd5 17. Re1 Bxf3 18. Qxf3 0-0 19. Rec1 Bd6 20. R5c2 f5 21. Bb4 Bxb4 22. axb4 Qd5 23. Qxd5 exd5 24. Rc7 f4 25. Rb7 fxe3 26. fxe3 Rac8 27. Rcc7 Rxc7 28. Rxc7 Re8 29. Kf2 Kf8 30. Rd7 Rc8 31. b3 Rc2+ 32. Kf3 Rb2 33. Rxd5 Rxb3 34. Rd6 Rxb4 35. Rxa6 Ra4 36. Rb6 b4 37. d5 Ke7 38. e4 Ra3+ 39. Kf4 b3 40. e5 Ra5 41. Rxb3 Rxd5 42. Rb7+ Rd7 43. Rxd7+ Kxd7 44. g4 Ke6 45. h4 Ke7 46. h5 Ke6 47. g5 Ke7 48. Kf5 Kd7 49. g6 h6 50. e6+ Ke7 51. Ke5 Ke8 1/2-1/2

[Event "ROM-ch U10 Girls"]
[Site "Calimanesti"]
[Date "2018.03.28"]
[Round "2"]
[White "Marcu, Daria Ana"]
[Black "Mocanu, Miruna"]
[Result "1-0"]
[WhiteElo "1113"]
[BlackElo "1121"]
[PlyCount "69"]
[EventDate "2018.03.27"]
[EventType "swiss"]
[EventRounds "9"]
[EventCountry "ROU"]
[SourceTitle "CBM 183 Extra"]
[Source "ChessBase"]
[SourceDate "2018.04.19"]
[SourceVersion "1"]
[SourceVersionDate "2018.04.19"]
[SourceQuality "1"]

1. e4 e5 2. Nf3 Nc6 3. Bc4 Bc5 4. c3 Nf6 5. d3 0-0 6. Bb3 d6 7. Nbd2 Be6 8. Bc2 d5 9. Qe2 d4 10. c4 Qd7 11. Nf1 Rad8 12. Ng3 Bb4+ 13. Bd2 Bxd2+ 14. Qxd2 Qd6 15. 0-0 Qb4 16. Qc1 Bg4 17. Nh4 h6 18. Nhf5 Ne7 19. a3 Qb6 20. Nxe7+ Kh7 21. h3 Be6 22. Nef5 Bxf5 23. Nxf5 a6 24. Bd1 c5 25. g4 Nd7 26. g5 Qg6 27. h4 f6 28. Ne7 Qe8 29. g6+ Kh8 30. Nf5 Qxg6+ 31. Kh1 Qe8 32. Rg1 g5 33. Nxh6 gxh4 34. Nf5 Rg8 35. Qh6# 1-0